Plasma technology /

Bibliographic Details
Main Author: Gross, Boleslav
Other Authors: Grycz, B. (Bronislav), Miklóssy, Konstantin
Format: Book
Language:English
Czech
Published: London : New York : Iliffe Books; American Elsevier Pub. Co., [1969]
Subjects:

MARC

Tag First Indicator Second Indicator Subfields
LEADER 00000cam a2200000 4500
001 in00000095725
005 20150925085601.0
008 700109s1969 enka b 00110 eng
010 |a  68027535  
015 |a B*** 
035 |a (OCoLC)00049377 
035 |9 AAL1942AM 
037 |c $17.00 
040 |a DLC  |c DLC  |d TXA  |d UtOrBLW 
041 1 |a eng  |a cze 
049 |a TXAM  |c [853172] 
050 0 0 |a TK4660  |b .G7713 
082 0 |a 537.1/6 
100 1 |a Gross, Boleslav. 
245 1 0 |a Plasma technology /  |c [by] B. Gross, B. Grycz and K. Miklossy. [Translated from the Czech by Zdenek Rudinger] English translation edited by R. C. G. Leckey. 
264 1 |a London :  |b Iliffe Books;  |a New York :  |b American Elsevier Pub. Co.,  |c [1969] 
300 |a 487 pages :  |b illustrations ;  |c 21 cm. 
336 |a text  |b txt  |2 rdacontent 
337 |a unmediated  |b n  |2 rdamedia 
338 |a volume  |b nc  |2 rdacarrier 
504 |a Includes bibliographical references. 
650 0 |a Plasma jets. 
650 0 |a Plasma (Ionized gases) 
700 1 |a Grycz, B.  |q (Bronislav) 
700 1 |a Miklóssy, Konstantin. 
999 |a MARS 
999 f f |s 14f71056-9c5f-325f-9ea0-6fcab673b7a1  |i b5b8efe4-b1ef-32f9-aff6-1ead0b4267f6  |t 0 
952 f f |p ric  |a Texas A&M University  |b Rellis Campus  |c Joint Library Facility  |d Remote Storage  |t 0  |e TK4660 .G7713  |h Library of Congress classification  |i unmediated -- volume  |m A14805478289 
998 f f |a TK4660 .G7713  |t 0  |l Remote Storage